[Event "San Francisco TNM Summer op"]
[Site "San Francisco"]
[Date "2012.06.26"]
[Round "6"]
[White "Olson, David L"]
[Black "Ledford, Steven Sr"]
[Result "0-1"]
[WhiteElo "1400"]
[BlackElo "1924"]
[PlyCount "56"]
[EventDate "2012.05.22"]
[EventType "swiss"]
[EventRounds "8"]
[EventCountry "USA"]
[SourceTitle "EXT 2014"]
[Source "ChessBase"]
[SourceDate "2013.11.20"]
[SourceVersion "1"]
[SourceVersionDate "2013.11.20"]
[SourceQuality "1"]

1. e4 c5 2. Nf3 d6 3. Bb5+ Bd7 4. Nc3 Nf6 5. Qe2 Nc6 6. 0-0 e6 7. Rd1 Be7 8. d4 cxd4 9. Nxd4 0-0 10. a3 Qc7 11. Bc4 a6 12. f4 Nxd4 13. Rxd4 d5 14. exd5 Bc5 15. Be3 Bxd4 16. Bxd4 exd5 17. Nxd5 Nxd5 18. Bxd5 Bc6 19. Qg4 g6 20. Bb3 Qd7 21. Qd1 Rad8 22. c3 Qf5 23. Qf1 Rfe8 24. Qf2 Qb5 25. Bd1 Qd3 26. Qh4 Rxd4 27. cxd4 Qxd4+ 28. Kh1 Qxb2 0-1

[Event "San Francisco TNM Summer op"]
[Site "San Francisco"]
[Date "2012.06.05"]
[Round "3"]
[White "Ledford, Steven Sr"]
[Black "Thornally, Frank"]
[Result "1/2-1/2"]
[WhiteElo "1924"]
[BlackElo "2205"]
[PlyCount "50"]
[EventDate "2012.05.22"]
[EventType "swiss"]
[EventRounds "8"]
[EventCountry "USA"]
[SourceTitle "EXT 2014"]
[Source "ChessBase"]
[SourceDate "2013.11.20"]
[SourceVersion "1"]
[SourceVersionDate "2013.11.20"]
[SourceQuality "1"]

1. b3 g6 2. Bb2 Nf6 3. g3 Bg7 4. Bg2 c5 5. Nf3 Nc6 6. c4 0-0 7. 0-0 d6 8. d3 Bd7 9. Nc3 Qc8 10. Qd2 Bh3 11. d4 Bxg2 12. Kxg2 cxd4 13. Nxd4 Qg4 14. Nxc6 bxc6 15. f3 Qe6 16. e4 h5 17. h4 Kh7 18. Rae1 Bh6 19. f4 Nd7 20. Qe2 f6 21. Bc1 Rg8 22. Kh2 Qf7 23. e5 Qf8 24. exd6 exd6 25. Qe7+ Rg7 1/2-1/2

[Event "San Francisco TNM Summer op"]
[Site "San Francisco"]
[Date "2012.05.29"]
[Round "2"]
[White "James, Charles"]
[Black "Ledford, Steven Sr"]
[Result "0-1"]
[WhiteElo "1475"]
[BlackElo "1924"]
[PlyCount "98"]
[EventDate "2012.05.22"]
[EventType "swiss"]
[EventRounds "8"]
[EventCountry "USA"]
[SourceTitle "EXT 2014"]
[Source "ChessBase"]
[SourceDate "2013.11.20"]
[SourceVersion "1"]
[SourceVersionDate "2013.11.20"]
[SourceQuality "1"]

1. d4 Nf6 2. c4 g6 3. Nc3 Bg7 4. f3 d6 5. e4 Nbd7 6. Be3 c6 7. Bd3 e5 8. Nge2 a5 9. a4 exd4 10. Nxd4 Ne5 11. Be2 Qe7 12. Qd2 Be6 13. b3 Nfd7 14. f4 Ng4 15. Bxg4 Bxg4 16. h3 Qh4+ 17. Bf2 Qh5 18. 0-0 Be6 19. Nde2 Bxh3 20. gxh3 Qxh3 21. Rad1 Qg4+ 22. Bg3 0-0 23. Qe3 h5 24. Qf3 Qxf3 25. Rxf3 Nc5 26. Rxd6 Nxb3 27. e5 Rae8 28. Ne4 f5 29. Rxg6 Kh7 30. Rd6 fxe4 31. Rxb3 Rf7 32. Nc3 Bf8 33. Nxe4 Bxd6 34. Ng5+ Kg6 35. Nxf7 Bc5+ 36. Bf2 Bxf2+ 37. Kxf2 Kxf7 38. Rxb7+ Kg6 39. Rb6 Kf5 40. Kf3 Re6 41. Ra6 h4 42. Rb6 Rg6 43. Rb1 Rg3+ 44. Kf2 Kxf4 45. e6 Rf3+ 46. Kg2 Rg3+ 47. Kh2 Rg8 48. Kh3 Re8 49. Kxh4 Rh8# 0-1

[Event "San Francisco TNM Spring op"]
[Site "San Francisco"]
[Date "2012.04.24"]
[Round "7"]
[White "MacIntyre, Brendan"]
[Black "Ledford, Steven Sr"]
[Result "1/2-1/2"]
[WhiteElo "1675"]
[BlackElo "1944"]
[PlyCount "81"]
[EventDate "2012.03.13"]
[EventType "swiss"]
[EventRounds "8"]
[EventCountry "USA"]
[SourceTitle "EXT 2014"]
[Source "ChessBase"]
[SourceDate "2013.11.20"]
[SourceVersion "1"]
[SourceVersionDate "2013.11.20"]
[SourceQuality "1"]

1. d4 Nf6 2. c4 g6 3. Nc3 d5 4. e3 Bg7 5. Be2 0-0 6. Nf3 c6 7. 0-0 Nbd7 8. cxd5 cxd5 9. Qb3 Nb6 10. Bd2 Bf5 11. Rac1 Ne4 12. Rfd1 Rc8 13. Be1 a6 14. a3 Rc6 15. Nxe4 Rxc1 16. Rxc1 dxe4 17. Nd2 Qd6 18. Nc4 Nxc4 19. Bxc4 b5 20. Be2 Rc8 21. Rxc8+ Bxc8 22. Bb4 Qc6 23. Bc5 e5 24. Qb4 Be6 25. Qc3 Qd5 26. f3 exd4 27. exd4 Bh6 28. Kf1 e3 29. Bd3 Qh5 30. Bd6 Qd5 31. Be5 f5 32. f4 Bg7 33. Be2 Qe4 34. Qd3 Qc6 35. Qxe3 Bxe5 36. dxe5 Qc2 37. Qc3 Qb1+ 38. Kf2 Qe4 39. Qe3 Qc2 40. Qc3 Qe4 41. Qe3 1/2-1/2

[Event "San Francisco TNM Spring op"]
[Site "San Francisco"]
[Date "2012.04.10"]
[Round "5"]
[White "Standen, Julian"]
[Black "Ledford, Steven Sr"]
[Result "1-0"]
[WhiteElo "1600"]
[BlackElo "1944"]
[PlyCount "65"]
[EventDate "2012.03.13"]
[EventType "swiss"]
[EventRounds "8"]
[EventCountry "USA"]
[SourceTitle "EXT 2014"]
[Source "ChessBase"]
[SourceDate "2013.11.20"]
[SourceVersion "1"]
[SourceVersionDate "2013.11.20"]
[SourceQuality "1"]

1. d4 Nf6 2. Nf3 g6 3. Bg5 Bg7 4. Nbd2 d5 5. e3 0-0 6. Bd3 c5 7. c3 b6 8. 0-0 Bb7 9. Ne5 Ne4 10. Bf4 f6 11. Nef3 Nd7 12. Be2 e5 13. Bg3 Nxg3 14. hxg3 Qe7 15. g4 Rac8 16. Rc1 c4 17. g3 b5 18. b4 a5 19. a3 Ra8 20. Qc2 f5 21. gxf5 gxf5 22. Nxe5 Nxe5 23. dxe5 Bxe5 24. Nf3 Bxg3 25. fxg3 Qxe3+ 26. Kh2 Rae8 27. Nd4 Rf6 28. Rf4 Rh6+ 29. Kg2 Rg6 30. Rf3 Qg5 31. Qxf5 Qxf5 32. Rxf5 axb4 33. Bh5 1-0

[Event "San Francisco TNM Winter op"]
[Site "San Francisco"]
[Date "2012.01.17"]
[Round "3"]
[White "Wong, Russell"]
[Black "Ledford, Steven Sr"]
[Result "1-0"]
[WhiteElo "2200"]
[BlackElo "1957"]
[PlyCount "67"]
[EventDate "2012.01.03"]
[EventType "swiss"]
[EventRounds "8"]
[EventCountry "USA"]
[SourceTitle "EXT 2014"]
[Source "ChessBase"]
[SourceDate "2013.11.20"]
[SourceVersion "1"]
[SourceVersionDate "2013.11.20"]
[SourceQuality "1"]

1. e4 e5 2. Nf3 Nc6 3. Bb5 a6 4. Ba4 Nf6 5. 0-0 Be7 6. Re1 b5 7. Bb3 d6 8. c3 0-0 9. h3 h6 10. d4 Re8 11. Nbd2 Bf8 12. Nf1 Na5 13. Bc2 Bb7 14. Ng3 g6 15. a4 c5 16. dxe5 dxe5 17. Qxd8 Raxd8 18. axb5 Nc4 19. bxa6 Ra8 20. Bd3 Bxa6 21. Rxa6 Rxa6 22. Bxc4 Ra1 23. Be3 Rxe1+ 24. Nxe1 Rb8 25. Nd3 Nd7 26. h4 Kg7 27. h5 Bd6 28. hxg6 fxg6 29. Be6 Nf8 30. Bd5 h5 31. Nf1 Kf6 32. Nd2 Ne6 33. Nc4 Be7 34. Ndxe5 1-0